000 00685nam a2200169Ia 4500
008 090711s9999 xx 000 0 und d
082 _b68291
100 _aभट विठ्ठलराय
245 _aबहभाषित समानार्थी इंद्रधनुषी म्हणी
260 _c1990
300 _a60
600 _aभट विठ्ठलराय
630 _aबहभाषित समानार्थी इंद्रधनुषी म्हणी
700 _aभट विठ्ठलराय
730 _aबहभाषित समानार्थी इंद्रधनुषी म्हणी
942 _cBOOK
999 _c290238
_d290238